| 000 | 00896nam a22002537a 4500 | ||
|---|---|---|---|
| 005 | 20121010101247.0 | ||
| 008 | 121010t xxu||||| |||| 00| 0 eng d | ||
| 010 | _aENG-106052 | ||
| 020 |
_a9780071333276 _c575.00 |
||
| 020 |
_a0071333274 _c575.00 |
||
| 035 | _aEN-89585 | ||
| 037 | _bDBAD/PUB | ||
| 040 |
_aDPL _bEng |
||
| 082 | _a629.895 | ||
| 100 |
_aGopal, M. _91229 |
||
| 245 |
_aDigital control and state variable methods : _cby M. Gopal _bconventional and intelligent control systems / |
||
| 250 | _a4th ed | ||
| 260 |
_aNew Delhi _bTata McGraw Hill _c2012 |
||
| 270 |
_a7 West Patel Nagar _bNew Delhi _e110008 |
||
| 300 |
_axv,910p. _c25cm(pbk) |
||
| 500 | _aIncludes index | ||
| 942 |
_2ddc _cEN _h629.895 _mGOP |
||
| 999 |
_c70748 _d70748 |
||